10 najmniej białych stanów USA - Statystyki

Ogólne statystyki
  • Ten quiz został rozwiązany 15 razy
  • Średni wynik to 5 z 10
Statystyki odpowiedzi
% Stan % Poprawnych
50,8 Floryda
92%
33,7 Kalifornia
92%
38,9 Teksas
69%
34,8 Nowy Meksyk
62%
51,8 Arizona
54%
44,4 Nevada
46%
49,6 Georgia
31%
20,7 Hawaje
31%
51,4 New Jersey
15%
47,1 Maryland
0%
Nie znaleziono quizów pasujących do podanych kryteriów
Rozkład punktacji
Procent ludzi z każdym wynikiem
Percentyl według liczby udzielonych odpowiedzi
Twoja historia wyników
Nie rozwiązałeś tego quizu